| 000 | nam a22 7a 4500 | ||
|---|---|---|---|
| 999 |
_c331063 _d331063 |
||
| 003 | NUST | ||
| 005 | 20170830122121.0 | ||
| 008 | 170830b xxu||||| |||| 00| 0 eng d | ||
| 040 | _c0 | ||
| 082 | _a174.2 | ||
| 100 | _4: Corey, Gerald; Callanan, Patrick; Corey, Marianne Schneider, | ||
| 245 | _aIssues and ethics in the helping professions | ||
| 250 | _a8th edition | ||
| 260 |
_aAustralia _bCengage _c2011 |
||
| 300 | _a597p | ||
| 942 |
_2ddc _cBK |
||